Länder mit den meisten Autos pro 1.000 Einwohner - Statistiken

Allgemein
  • Dieses Quiz wurde 550 mal gespielt
  • Das Durchschnittsergebnis liegt bei 12 aus 20
Antwortstatistiken
Platz Land Fahrzeuge pro 1.000 Einwohner % Korrekt
5. Vereinigte Staaten 816
98%
18. Deutschland 574
97%
9. Kanada 685
82%
12. Japan 649
81%
11. Italien 663
72%
19. Österreich 562
71%
2. Monaco 899
67%
6. Australien 789
65%
10. Luxemburg 681
65%
14. Polen 642
62%
7. Liechtenstein 781
59%
1. San Marino 1.263
57%
3. Neuseeland 837
53%
14. Finnland 642
49%
4. Island 824
42%
17. Malta 597
37%
16. Estland 598
32%
20. Slowenien 556
27%
13. Zypern 645
26%
8. Brunei 721
12%
Keine übereinstimmenden Quizze gefunden
Verteilung der Resultate
Anzahl Personen mit jedem Resultat
Perzentil nach korrekt beantworteten Fragen
Ihre Resultats-Entwicklung
Sie haben dieses Quiz noch nicht gespielt